Foundations of natural right : (Record no. 118718)
[ view plain ]
| 000 -LEADER | |
|---|---|
| fixed length control field | 01688cam a2200373 a 4500 |
| 001 - CONTROL NUMBER | |
| control field | 11829834 |
| 003 - CONTROL NUMBER IDENTIFIER | |
| control field | ARRUPE |
| 005 - DATE AND TIME OF LATEST TRANSACTION | |
| control field | 20131126141420.0 |
| 008 - FIXED-LENGTH DATA ELEMENTS--GENERAL INFORMATION | |
| fixed length control field | 991101s2000 enk b 001 0 eng |
| 010 ## - LIBRARY OF CONGRESS CONTROL NUMBER | |
| LC control number | 99056852 |
| 020 ## - INTERNATIONAL STANDARD BOOK NUMBER | |
| International Standard Book Number | 0521575915 (hb) |
| 020 ## - INTERNATIONAL STANDARD BOOK NUMBER | |
| International Standard Book Number | 0521573017 (pb) |
| 040 ## - CATALOGING SOURCE | |
| Original cataloging agency | DLC |
| Transcribing agency | DLC |
| Modifying agency | DLC |
| 041 1# - LANGUAGE CODE | |
| Language code of text/sound track or separate title | eng |
| Language code of original and/or intermediate translations of text | ger |
| 050 00 - LIBRARY OF CONGRESS CALL NUMBER | |
| Classification number | JC181 |
| Item number | .F6213 2000 |
| 300 ## - PHYSICAL DESCRIPTION | |
| Dimensions | 24 cm. |
| 100 1# - MAIN ENTRY--PERSONAL NAME | |
| Personal name | Fichte, Johann Gottlieb, |
| Dates associated with a name | 1762-1814. |
| 9 (RLIN) | 3964 |
| 240 10 - UNIFORM TITLE | |
| Uniform title | <a href="Grundlage des Naturrechts nach Principien der Wissenschaftslehre.">Grundlage des Naturrechts nach Principien der Wissenschaftslehre.</a> |
| Language of a work | English |
| 245 10 - TITLE STATEMENT | |
| Title | Foundations of natural right : |
| Remainder of title | according to the principles of the Wissenschaftslehre / |
| Statement of responsibility, etc | J.G. Fichte ; edited by Frederick Neuhouser ; translated by Michael Baur. |
| 260 ## - PUBLICATION, DISTRIBUTION, ETC. (IMPRINT) | |
| Place of publication, distribution, etc | Cambridge, UK ; |
| -- | New York : |
| Name of publisher, distributor, etc | Cambridge University Press, |
| Date of publication, distribution, etc | 2000. |
| 300 ## - PHYSICAL DESCRIPTION | |
| Extent | xxxv, 338 p. ; |
| 440 #0 - SERIES STATEMENT/ADDED ENTRY--TITLE | |
| Title | Cambridge texts in the history of philosophy |
| 9 (RLIN) | 3965 |
| 504 ## - BIBLIOGRAPHY, ETC. NOTE | |
| Bibliography, etc | Includes bibliographical references and index. |
| 650 #0 - SUBJECT ADDED ENTRY--TOPICAL TERM | |
| Topical term or geographic name as entry element | Natural law. |
| 9 (RLIN) | 3966 |
| 650 #0 - SUBJECT ADDED ENTRY--TOPICAL TERM | |
| Topical term or geographic name as entry element | Political science. |
| 9 (RLIN) | 3967 |
| 650 #0 - SUBJECT ADDED ENTRY--TOPICAL TERM | |
| Topical term or geographic name as entry element | State, The. |
| 9 (RLIN) | 3968 |
| 700 1# - ADDED ENTRY--PERSONAL NAME | |
| Personal name | Neuhouser, Frederick. |
| 9 (RLIN) | 3969 |
| 700 1# - ADDED ENTRY--PERSONAL NAME | |
| Personal name | Baur, Michael. |
| 9 (RLIN) | 3970 |
| 856 41 - ELECTRONIC LOCATION AND ACCESS | |
| Materials specified | Sample text |
| Uniform Resource Identifier | <a href="http://www.loc.gov/catdir/samples/cam032/99056852.html">http://www.loc.gov/catdir/samples/cam032/99056852.html</a> |
| 856 41 - ELECTRONIC LOCATION AND ACCESS | |
| Materials specified | Table of contents |
| Uniform Resource Identifier | <a href="http://www.loc.gov/catdir/toc/cam024/99056852.html">http://www.loc.gov/catdir/toc/cam024/99056852.html</a> |
| 856 42 - ELECTRONIC LOCATION AND ACCESS | |
| Materials specified | Publisher description |
| Uniform Resource Identifier | <a href="http://www.loc.gov/catdir/description/cam0210/99056852.html">http://www.loc.gov/catdir/description/cam0210/99056852.html</a> |
| 906 ## - LOCAL DATA ELEMENT F, LDF (RLIN) | |
| a | 7 |
| b | cbc |
| c | orignew |
| d | 1 |
| e | ocip |
| f | 19 |
| g | y-gencatlg |
| 942 ## - ADDED ENTRY ELEMENTS (KOHA) | |
| Source of classification or shelving scheme | Library of Congress Classification |
| Koha item type | Monograph ( Printed materials) |
| Withdrawn status | Lost status | Source of classification or shelving scheme | Damaged status | Not for loan | Home library | Current library | Shelving location | Date acquired | Total Checkouts | Full call number | Barcode | Date last seen | Price effective from | Koha item type |
|---|---|---|---|---|---|---|---|---|---|---|---|---|---|---|
| Library of Congress Classification | ARRUPE LIBRARY | ARRUPE LIBRARY | Main Collection | 26/11/2013 | JC181 .F6213 2000 | 46410829 | 29/06/2018 | 26/11/2013 | Monograph ( Printed materials) |